000 00528nam a2200169 i 4500
001 36681
003 ES-MaACL
005 20250910063058.0
007 t|
008 030219s1958 sp ||||1| spa d
100 0 _aBravo Sanfelíu, Julio
_931463
245 1 3 _aLa plazuela del silencio
_b: sainete en tres jornadas... /
_cJulio Bravo.
260 _aMadrid :
_b[s.n.,
_c1958] (
_eAlcalá de Henares :
_fArtes Gráficas)
300 _a77 p. ;
_c17 cm.
852 _aES-MaACL
_jC-18086
_bR.43717
999 _c36681
_d36681